000
00333nam a2200145Ia 4500
008
210210b1925 xxu||||| |||| 00| 0 eng d
041
_a
eng
082
_a
829/758
100
_a
MEREDITH (G)
245
_a
Egoist
260
_a
London
_b
Constable & Co Ltd.
_c
1925
650
_a
Egoist
690
_a
English Fiction
906
_a
017357
999
_c
137323
_d
137323